=LDR 00000nam 2200000 4500 =001 INLIS000000000021733 =005 20130612120549 =008 ***********************************Ind** =035 ##$$0010-061300000021733 =041 ##$$a Ind =082 ##$$a 373.1 =090 ##$$a 373.1, Per p =245 ##$$a Ujian masuk perguruan tinggi negeri 1999, Naskah Matematika Ilmu Pengetahuan Alam dan IPA Terpadu =260 ##$$a [S.a] $b [S.l] =300 ##$$a 44 hlm, 30 cm =650 ##$$a Pendidikan-Soal Ujian =850 ##$$a NBPNMAT